[Event "2BLS 2223 SF Heidesheim - SV 1920 Hofhe"]
[Site "?"]
[Date "2022.10.23"]
[Round "2.8"]
[White "Enzmann, Steffen"]
[Black "Fish, Jonathan M"]
[Result "0-1"]
[WhiteElo "2153"]
[BlackElo "2101"]
[PlyCount "80"]
[EventDate "2022.??.??"]

1. Nf3 d5 2. g3 g6 3. Bg2 Bg7 4. O-O e5 5. d3 Ne7 6. e4 O-O 7. Re1 dxe4 8. dxe4 b6 9. Nc3 Bb7 10. Bg5 Qe8 11. a4 Na6 12. Qe2 Nc5 13. Nb5 Ne6 14. Qc4 Ba6 15. Qb3 Nc6 16. c3 Na5 17. Qa3 Bxb5 18. axb5 Nxg5 19. Nxg5 Qxb5 20. Bf1 Qc6 21. Qb4 Rad8 22. Bb5 Qf6 23. Nh3 Qe6 24. Ng5 Qf6 25. Nh3 c6 26. Be2 Rd2 27. Qa3 c5 28. f4 Bh6 29. b4 Nc6 30. bxc5 exf4 31. cxb6 axb6 32. Nf2 fxg3 33. Ng4 gxh2+ 34. Kh1 Qh4 35. Rad1 Bg5 36. Qa4 Rxe2 37. Rxe2 Qxg4 38. Rg2 Qf3 39. Rb1 Ne5 40. Qb5 Bf4 0-1

[Event "2BLS 2223 SF Bad Mergentheim - SV 1947 "]
[Site "?"]
[Date "2022.10.23"]
[Round "2.1"]
[White "Aczel, Gergely"]
[Black "Kazakouski, Valery"]
[Result "1-0"]
[WhiteElo "2477"]
[BlackElo "2538"]
[PlyCount "109"]
[EventDate "2022.??.??"]

1. d4 Nf6 2. c4 e6 3. Nc3 Bb4 4. e3 O-O 5. Bd2 d5 6. Nf3 b6 7. cxd5 exd5 8. Rc1 Bb7 9. Bd3 Be7 10. O-O Nbd7 11. Be1 c5 12. Ne5 Rc8 13. f3 cxd4 14. Nxd7 Nxd7 15. exd4 a6 16. Bf2 b5 17. a4 b4 18. Ne2 Qb6 19. Qd2 Rfe8 20. Bf5 Rxc1 21. Rxc1 Nb8 22. h4 g6 23. Bh3 Qd8 24. g3 Nc6 25. b3 Na5 26. Qd3 Bd6 27. Rc2 Qa8 28. Be3 Bc8 29. Bxc8 Rxc8 30. Bf4 Rxc2 31. Qxc2 Bxf4 32. Nxf4 Qc6 33. Qc5 Qxc5 34. dxc5 d4 35. Nd3 Nc6 36. Kf2 Kf8 37. Ke2 Ke8 38. Nc1 Kd7 39. Kd3 Ke6 40. Kc4 Ne5+ 41. Kxd4 Nxf3+ 42. Kc4 Ne5+ 43. Kxb4 Kd5 44. Ka5 Kxc5 45. Kxa6 Kb4 46. Kb6 Nd7+ 47. Kc6 Ne5+ 48. Kd5 Ng4 49. Nd3+ Ka5 50. Ne5 Ne3+ 51. Kc5 Nf5 52. b4+ Kxa4 53. b5 Ng7 54. b6 Ne6+ 55. Kd6 1-0

[Event "2BLS 2223 SF Bad Mergentheim - SV 1947 "]
[Site "?"]
[Date "2022.10.23"]
[Round "2.2"]
[White "Rakotomaharo, Fy Antenaina"]
[Black "Gschnitzer, Adrian"]
[Result "0-1"]
[WhiteElo "2483"]
[BlackElo "2438"]
[PlyCount "74"]
[EventDate "2022.??.??"]

1. e4 c6 2. d4 d5 3. e5 Bf5 4. h4 h5 5. c4 e6 6. Nc3 Nd7 7. Bg5 Qb6 8. Rc1 Qxb2 9. Bd3 Ne7 10. cxd5 Nxd5 11. Nxd5 cxd5 12. Bxf5 exf5 13. Ne2 Bb4+ 14. Kf1 Qxa2 15. Qd3 O-O 16. Qb5 Ba3 17. Qxd7 Bxc1 18. Nxc1 Qc4+ 19. Kg1 Qxd4 20. Qxf5 Rfe8 21. Nd3 Qe4 22. Qh3 a5 23. Kh2 a4 24. Re1 Qd4 25. Bc1 a3 26. f4 b5 27. f5 Ra4 28. Qf3 Qxh4+ 29. Kg1 Qd4+ 30. Kh1 a2 31. Bb2 a1=Q 32. Bxa1 Rxa1 33. Rxa1 Qxa1+ 34. Kh2 Qd4 35. e6 Qh4+ 36. Kg1 fxe6 37. fxe6 Qd4+ 0-1

[Event "2BLS 2223 SF Bad Mergentheim - SV 1947 "]
[Site "?"]
[Date "2022.10.23"]
[Round "2.3"]
[White "Muckle, Julius"]
[Black "Ikonnikov, Vyacheslav"]
[Result "1/2-1/2"]
[WhiteElo "2401"]
[BlackElo "2480"]
[PlyCount "113"]
[EventDate "2022.??.??"]

1. d4 d5 2. c4 e6 3. Nf3 Nf6 4. Nc3 h6 5. Bf4 Bd6 6. Bxd6 Qxd6 7. e3 O-O 8. Rc1 Nbd7 9. Nb5 Qb4+ 10. Qd2 Qxd2+ 11. Nxd2 c6 12. Nc3 b6 13. Be2 a5 14. O-O Bb7 15. cxd5 exd5 16. e4 dxe4 17. Ncxe4 Nxe4 18. Nxe4 c5 19. Nd6 Bd5 20. Bc4 Bxc4 21. Rxc4 cxd4 22. Rxd4 Nc5 23. Rfd1 Rfd8 24. Kf1 Ne6 25. R4d2 Kf8 26. g3 a4 27. Nc4 Rxd2 28. Rxd2 b5 29. Nb6 Ra7 30. Rd5 Rb7 31. Rxb5 Nd4 32. Rd5 Rxb6 33. Rxd4 Rxb2 34. Rxa4 h5 35. Ra8+ Ke7 36. a4 Ra2 37. a5 Kf6 38. a6 g5 39. h3 Kg7 40. Kg2 Ra3 41. h4 g4 42. Kf1 Ra2 43. Ke1 Kh7 44. a7 Kg7 45. Kd1 Kh7 46. Kc1 Kg7 47. Kb1 Ra6 48. Kc2 Ra1 49. Kd3 Ra3+ 50. Kc4 Ra1 51. Kd5 Rd1+ 52. Ke4 Ra1 53. f4 gxf3 54. Kxf3 Ra3+ 55. Ke4 Ra4+ 56. Kd5 Ra1 57. Ke4 1/2-1/2

[Event "2BLS 2223 SF Bad Mergentheim - SV 1947 "]
[Site "?"]
[Date "2022.10.23"]
[Round "2.4"]
[White "Neuman, Petr"]
[Black "Vonthron, Horst"]
[Result "1/2-1/2"]
[WhiteElo "2387"]
[BlackElo "2361"]
[PlyCount "41"]
[EventDate "2022.??.??"]

1. e4 e5 2. Nf3 Nc6 3. d4 exd4 4. Nxd4 Bc5 5. Nxc6 bxc6 6. Bd3 d6 7. O-O Nf6 8. Qf3 Ng4 9. Qg3 Qf6 10. Nc3 Ne5 11. Be2 a5 12. Be3 Bxe3 13. Qxe3 g5 14. f3 Rg8 15. Rf2 h5 16. Raf1 h4 17. Nd1 Ng6 18. Re1 Be6 19. a4 Kd7 20. Bf1 Qe5 21. Qc3 1/2-1/2

[Event "2BLS 2223 SF Bad Mergentheim - SV 1947 "]
[Site "?"]
[Date "2022.10.23"]
[Round "2.5"]
[White "Mueller, Olaf"]
[Black "Razafindratsima, Timothe"]
[Result "0-1"]
[WhiteElo "2306"]
[BlackElo "2440"]
[PlyCount "106"]
[EventDate "2022.??.??"]

1. d4 Nf6 2. c4 g6 3. Nc3 d5 4. cxd5 Nxd5 5. g3 Bg7 6. Bg2 Nb6 7. Nf3 Nc6 8. O-O O-O 9. e3 e5 10. d5 Ne7 11. e4 Bg4 12. Qd3 Nbc8 13. Ng5 h6 14. f3 Bd7 15. Nh3 Nd6 16. Be3 f5 17. a4 g5 18. Nf2 Qe8 19. Rfc1 f4 20. Bc5 fxg3 21. hxg3 a6 22. b4 b6 23. Be3 Qg6 24. Ne2 Ra7 25. g4 Qe8 26. Qd1 Ng6 27. a5 Qd8 28. Ng3 Rb7 29. axb6 cxb6 30. Rxa6 Bb5 31. Ra3 Nh4 32. Rac3 Ra7 33. Rc6 Bxc6 34. dxc6 Raf7 35. Nf5 Nhxf5 36. exf5 Qc7 37. Bf1 e4 38. Bg2 b5 39. Qd5 Nc4 40. Bc5 e3 41. Ne4 Rd8 42. Qe6 e2 43. Re1 Qf4 44. f6 Bf8 45. c7 Qxc7 46. Qf5 Kh8 47. Bxf8 Rdxf8 48. Qxb5 Nd6 49. Qxe2 Nxe4 50. Qxe4 Rxf6 51. Qd4 Qb6 52. Re4 Qxd4+ 53. Rxd4 Rb8 0-1

[Event "2BLS 2223 SF Bad Mergentheim - SV 1947 "]
[Site "?"]
[Date "2022.10.23"]
[Round "2.6"]
[White "Msellek, Ilyass"]
[Black "Fischer, Sebastian"]
[Result "1-0"]
[WhiteElo "2403"]
[BlackElo "2301"]
[PlyCount "39"]
[EventDate "2022.??.??"]

1. e4 d5 2. exd5 Qxd5 3. Nc3 Qa5 4. d4 Nf6 5. Nf3 Bf5 6. Ne5 c6 7. Bf4 Nbd7 8. Nc4 Qd8 9. Ne3 Bg6 10. h4 h6 11. h5 Bh7 12. d5 cxd5 13. Nexd5 e5 14. Bb5 Be7 15. Bxe5 O-O 16. Bc7 Qe8 17. O-O Bf5 18. Re1 Be6 19. Nxe7+ Qxe7 20. Bd6 1-0

[Event "2BLS 2223 SF Bad Mergentheim - SV 1947 "]
[Site "?"]
[Date "2022.10.23"]
[Round "2.7"]
[White "Sakkal, Ahmad"]
[Black "Gasthofer, Alexander"]
[Result "0-1"]
[WhiteElo "2041"]
[BlackElo "2408"]
[PlyCount "54"]
[EventDate "2022.??.??"]

1. e4 d6 2. d4 Nf6 3. Nc3 e5 4. dxe5 dxe5 5. Qxd8+ Kxd8 6. Bg5 Be6 7. f4 exf4 8. e5 h6 9. Bh4 g5 10. exf6 gxh4 11. O-O-O+ Nd7 12. Nf3 c6 13. Ne5 Kc7 14. Nxd7 Bxd7 15. Bc4 Bc5 16. Ne4 Be3+ 17. Kb1 Rhg8 18. Bxf7 Rxg2 19. Bh5 Bf5 20. Bf3 h3 21. Rd3 Rf8 22. b4 h5 23. Kb2 Bxe4 24. Bxe4 Rxf6 25. Rxe3 fxe3 26. Bxg2 hxg2 27. Rg1 e2 0-1

[Event "2BLS 2223 SF Bad Mergentheim - SV 1947 "]
[Site "?"]
[Date "2022.10.23"]
[Round "2.8"]
[White "Raps, Johannes"]
[Black "Hauser, Carlos"]
[Result "1/2-1/2"]
[WhiteElo "2109"]
[BlackElo "2223"]
[PlyCount "71"]
[EventDate "2022.??.??"]

1. d4 d5 2. Nf3 Nf6 3. g3 c6 4. Bg2 Bg4 5. O-O e6 6. b3 Nbd7 7. Bb2 Be7 8. Nbd2 O-O 9. c4 a5 10. a3 h6 11. Re1 Bf5 12. Ne5 Nxe5 13. dxe5 Ne4 14. Nxe4 dxe4 15. e3 Qb6 16. Qc2 Rfd8 17. Rad1 Rd3 18. Rxd3 exd3 19. Qc3 Rd8 20. Rd1 d2 21. Bf1 Bg4 22. Rxd2 Rxd2 23. Qxd2 Qxb3 24. Qc3 Qxc3 25. Bxc3 a4 26. Bb2 Bd1 27. Bd3 Bc5 28. Kf1 h5 29. Ke1 Bb3 30. h4 Kf8 31. Kd2 Ke7 32. f3 Bb6 33. Bc3 Bc5 34. Bb2 Bb6 35. Bc3 Bc5 36. Bb2 1/2-1/2

[Event "2BLS 2223 Heilbronner SV - SG Speyer-Sc"]
[Site "?"]
[Date "2022.10.23"]
[Round "2.1"]
[White "Oleksiyenko, Mykhaylo"]
[Black "Wenninger, Philipp"]
[Result "1-0"]
[WhiteElo "2592"]
[BlackElo "2388"]
[PlyCount "81"]
[EventDate "2022.??.??"]

1. e4 c6 2. d4 d5 3. e5 Bf5 4. Nf3 e6 5. Be2 Ne7 6. c3 Nd7 7. O-O Nc8 8. a4 Be7 9. a5 a6 10. b4 O-O 11. Nbd2 Na7 12. Nb3 Nb5 13. Bd2 f6 14. exf6 Bxf6 15. Bxb5 axb5 16. Qe2 Qc7 17. Rae1 Rae8 18. Ne5 Bxe5 19. dxe5 c5 20. Qxb5 c4 21. Nd4 Bd3 22. f4 Bxf1 23. Rxf1 Re7 24. h4 Nxe5 25. fxe5 Rxf1+ 26. Kxf1 Qxe5 27. Nf3 Qf5 28. Kg1 h6 29. Qc5 Re8 30. Qd4 Rf8 31. Be3 Qb1+ 32. Kh2 Qc2 33. Qg4 Rf6 34. Bd4 Rg6 35. Ne1 Rxg4 36. Nxc2 Rxh4+ 37. Kg3 Re4 38. b5 e5 39. Be3 d4 40. a6 bxa6 41. bxa6 1-0

[Event "2BLS 2223 Heilbronner SV - SG Speyer-Sc"]
[Site "?"]
[Date "2022.10.23"]
[Round "2.2"]
[White "Stijve, Theo"]
[Black "Hera, Imre Jr."]
[Result "0-1"]
[WhiteElo "2356"]
[BlackElo "2560"]
[PlyCount "66"]
[EventDate "2022.??.??"]

1. e4 c5 2. Nf3 e6 3. d4 cxd4 4. Nxd4 a6 5. c4 Nf6 6. Nc3 Qc7 7. a3 b6 8. Be2 Bb7 9. f3 Be7 10. Be3 O-O 11. Rc1 d6 12. g4 Qd8 13. g5 Nfd7 14. h4 Nc6 15. Rg1 Nxd4 16. Qxd4 Rc8 17. Rd1 Qc7 18. h5 Qc5 19. Qd2 Qc7 20. g6 fxg6 21. hxg6 Ne5 22. gxh7+ Kh8 23. Qd4 Rxf3 24. Qxb6 Bh4+ 25. Kd2 Qxb6 26. Bxb6 Nxc4+ 27. Bxc4 Rxc4 28. Ke2 Rh3 29. Rxd6 Bf6 30. Ba5 Bxe4 31. Rxe6 Rh2+ 32. Kd1 Rd4+ 33. Ke1 Bh4+ 0-1

[Event "2BLS 2223 Heilbronner SV - SG Speyer-Sc"]
[Site "?"]
[Date "2022.10.23"]
[Round "2.3"]
[White "Horvath, Adam"]
[Black "Fecker, Noah"]
[Result "1-0"]
[WhiteElo "2511"]
[BlackElo "2387"]
[PlyCount "111"]
[EventDate "2022.??.??"]

1. e4 c6 2. d4 d5 3. e5 c5 4. dxc5 e6 5. a3 Bxc5 6. Nf3 f6 7. b4 Be7 8. Bb2 a5 9. b5 Nd7 10. Nbd2 fxe5 11. Nxe5 Bf6 12. Ndf3 Qc7 13. Qe2 Ne7 14. c4 O-O 15. g3 dxc4 16. Rc1 Nb6 17. Bg2 Ned5 18. Bd4 c3 19. O-O Bd7 20. Rfd1 Rae8 21. h4 Bc8 22. Ng5 h6 23. Ngf3 Nd7 24. Ng6 Rf7 25. Bxf6 N7xf6 26. Nfe5 Qc5 27. Nxf7 Kxf7 28. Ne5+ Kg8 29. a4 Qb4 30. Qc2 Qd6 31. Re1 Rd8 32. Qg6 Rf8 33. Qd3 Qb6 34. Re2 Rd8 35. Qg6 Qc7 36. Ng4 Nxg4 37. Qxg4 Nf6 38. Qf3 Qc4 39. Rec2 Qxa4 40. Rxc3 Bd7 41. Qxb7 Bxb5 42. Rc8 Rxc8 43. Qxc8+ Kf7 44. Qb7+ Kg8 45. Qe7 Bd7 46. Bc6 Qd4 47. Bxd7 Qxd7 48. Qxd7 Nxd7 49. Rc7 Nf8 50. Kg2 a4 51. Kf3 a3 52. Ke4 a2 53. Ra7 a1=Q 54. Rxa1 Kf7 55. Ra7+ Kf6 56. h5 1-0

[Event "2BLS 2223 Heilbronner SV - SG Speyer-Sc"]
[Site "?"]
[Date "2022.10.23"]
[Round "2.4"]
[White "Zuferi, Enis"]
[Black "Kovacs, Gabor"]
[Result "1-0"]
[WhiteElo "2332"]
[BlackElo "2419"]
[PlyCount "79"]
[EventDate "2022.??.??"]

1. d4 Nf6 2. c4 e6 3. Nc3 d5 4. cxd5 exd5 5. Bg5 Be7 6. e3 Nbd7 7. Bd3 O-O 8. Nge2 Re8 9. Qc2 Nf8 10. O-O c6 11. f3 Be6 12. Rad1 Rc8 13. e4 dxe4 14. fxe4 Ng4 15. Bc1 Bg5 16. Rf3 c5 17. Bb5 Bxc1 18. Qxc1 Qh4 19. h3 cxd4 20. hxg4 dxc3 21. Bxe8 Rxe8 22. Nxc3 Ng6 23. Rdf1 Ne5 24. Rh3 Qxg4 25. Qe3 a6 26. Qg3 Qxg3 27. Rxg3 Rd8 28. Nd5 Kf8 29. Rd1 Rc8 30. Rb3 b5 31. Rc3 Rxc3 32. Nxc3 Bd7 33. Rd6 Bc6 34. Nd5 f6 35. b3 a5 36. Kf2 a4 37. Ke3 axb3 38. axb3 h5 39. Kd4 h4 40. Nxf6 1-0

[Event "2BLS 2223 Heilbronner SV - SG Speyer-Sc"]
[Site "?"]
[Date "2022.10.23"]
[Round "2.5"]
[White "Boguslawski, Oleg"]
[Black "Pogan, Nikolas"]
[Result "1/2-1/2"]
[WhiteElo "2380"]
[BlackElo "2260"]
[PlyCount "102"]
[EventDate "2022.??.??"]

1. e4 c6 2. d4 d5 3. f3 e6 4. Nc3 Bb4 5. Bd2 Nf6 6. e5 Nfd7 7. f4 a6 8. a3 Be7 9. Nf3 c5 10. Be3 cxd4 11. Nxd4 Nc6 12. Qd2 Qc7 13. Be2 O-O 14. O-O Nxd4 15. Bxd4 f5 16. exf6 Bxf6 17. Bg4 Bxd4+ 18. Qxd4 Nf6 19. Bh3 Bd7 20. Rae1 Rae8 21. Re5 Kh8 22. Rfe1 Qd6 23. g3 h6 24. g4 Rc8 25. g5 Rc4 26. Qd1 Ng8 27. gxh6 Nxh6 28. Ne2 Qb6+ 29. Kh1 Qxb2 30. Bxe6 Bxe6 31. Rxe6 Rxc2 32. Qxd5 Rd2 33. Qh5 Rf6 34. Re8+ Kh7 35. Rg1 Qc2 36. h3 Qc6+ 37. Kh2 Re6 38. Rxe6 Qxe6 39. Rg2 Qf5 40. Qe8 Qf7 41. Qe4+ Nf5 42. Ng3 Rxg2+ 43. Kxg2 g6 44. Nxf5 gxf5 45. Qc2 Qe6 46. Kf2 b5 47. Qc3 Kg6 48. Qc5 Kf7 49. Qa7+ Kg6 50. Qc5 Kf7 51. Qa7+ Kg6 1/2-1/2

[Event "2BLS 2223 Heilbronner SV - SG Speyer-Sc"]
[Site "?"]
[Date "2022.10.23"]
[Round "2.6"]
[White "Kabisch, Thilo"]
[Black "Bodrozic, Tomislav"]
[Result "1-0"]
[WhiteElo "2249"]
[BlackElo "2354"]
[PlyCount "63"]
[EventDate "2022.??.??"]

1. e3 Nf6 2. Nf3 g6 3. c4 c5 4. Be2 Bg7 5. O-O O-O 6. d3 Nc6 7. Nbd2 d5 8. cxd5 Nxd5 9. a3 b6 10. Rb1 Bb7 11. Ne4 Rc8 12. Bd2 Qd7 13. b4 cxb4 14. axb4 Ne5 15. Nd4 Nc6 16. Nf3 Ne5 17. Qb3 Nxf3+ 18. Bxf3 Nf6 19. Nxf6+ Bxf6 20. Bxb7 Qxb7 21. Rfc1 b5 22. Rc5 e6 23. Rbc1 Be7 24. R5c3 Rfd8 25. Qc2 Rxc3 26. Qxc3 Qd5 27. d4 e5 28. Qc7 Bf6 29. Rc6 Kg7 30. h4 exd4 31. Rxf6 Kxf6 32. e4 1-0

[Event "2BLS 2223 Heilbronner SV - SG Speyer-Sc"]
[Site "?"]
[Date "2022.10.23"]
[Round "2.7"]
[White "Csonka, Attila Istvan"]
[Black "Degenhard, Simon"]
[Result "1-0"]
[WhiteElo "2314"]
[BlackElo "2178"]
[PlyCount "101"]
[EventDate "2022.??.??"]

1. e4 e5 2. Nf3 Nc6 3. Bc4 Bc5 4. c3 Nf6 5. d3 d6 6. O-O O-O 7. a4 a6 8. b4 Ba7 9. Be3 Be6 10. Bxe6 fxe6 11. Bxa7 Rxa7 12. Qb3 Qd7 13. Nbd2 Raa8 14. b5 Ne7 15. d4 exd4 16. Nxd4 d5 17. e5 Ne8 18. Rfb1 a5 19. b6 c5 20. N4f3 c4 21. Qb5 Nc6 22. Re1 Qe7 23. Re3 g6 24. Nd4 Nxd4 25. cxd4 Qb4 26. Nf3 Ng7 27. Rb1 Qxb5 28. Rxb5 Rfc8 29. g4 Rc6 30. Re1 h6 31. Kg2 Ne8 32. Reb1 Ra6 33. Ne1 Kf7 34. Nc2 Ke7 35. Kf3 Ng7 36. Ke2 Kd7 37. Ne3 Rc8 38. f4 Rf8 39. Rc5 Rc8 40. Rbb5 Rxc5 41. dxc5 Ra8 42. Nc2 g5 43. Nd4 gxf4 44. Kf3 h5 45. h3 hxg4+ 46. hxg4 Rh8 47. c6+ bxc6 48. Rxa5 Rb8 49. Ra7+ Ke8 50. a5 c5 51. Rxg7 1-0

[Event "2BLS 2223 Heilbronner SV - SG Speyer-Sc"]
[Site "?"]
[Date "2022.10.23"]
[Round "2.8"]
[White "Huber, Philipp"]
[Black "Theel, Thomas"]
[Result "1-0"]
[WhiteElo "2227"]
[BlackElo "2112"]
[PlyCount "129"]
[EventDate "2022.??.??"]

1. d4 Nf6 2. Bg5 d5 3. Bxf6 exf6 4. e3 Be6 5. Ne2 Be7 6. Nf4 O-O 7. c4 c6 8. Nc3 Bb4 9. Rc1 Nd7 10. cxd5 cxd5 11. Qb3 Qa5 12. a3 Bxc3+ 13. Qxc3 Qxc3+ 14. Rxc3 Rac8 15. Rxc8 Rxc8 16. Kd2 Nb6 17. b3 Kf8 18. Bd3 g6 19. h4 Ke7 20. h5 Nd7 21. hxg6 hxg6 22. Rh7 Kd6 23. Bb5 Nf8 24. Rg7 a6 25. Bd3 Nd7 26. Rh7 f5 27. f3 Nf6 28. Rh6 Ng8 29. Rh1 Nf6 30. Bc2 Ke7 31. Nd3 Nd7 32. Bd1 Kd6 33. Be2 Rc7 34. Rh8 Nf6 35. Nc5 Nd7 36. Nd3 Nf6 37. Nc5 Nd7 38. b4 Nxc5 39. dxc5+ Ke5 40. f4+ Kf6 41. Kd3 Bd7 42. Kd4 Ba4 43. Rd8 Bc6 44. Bf3 Re7 45. Rd6+ Kg7 46. Bxd5 Bxd5 47. Rxd5 Re4+ 48. Kd3 Re7 49. Rd6 Kf8 50. Rd8+ Kg7 51. a4 Rc7 52. Rd5 Kf8 53. b5 axb5 54. axb5 Kg7 55. Kd4 Kf8 56. Rd8+ Ke7 57. Rb8 Rd7+ 58. Kc4 Rc7 59. b6 Rd7 60. Kb5 f6 61. Rxb7 Rxb7 62. c6 Rb8 63. c7 Rc8 64. Kc6 Ra8 65. b7 1-0

[Event "2BLS 2223 Heilbronner SV - Stuttgarter"]
[Site "?"]
[Date "2022.11.26"]
[Round "3.1"]
[White "Kvetny, Mark"]
[Black "Wenninger, Philipp"]
[Result "1/2-1/2"]
[WhiteElo "2408"]
[BlackElo "2382"]
[PlyCount "26"]
[EventDate "2022.??.??"]

1. d4 d5 2. Bf4 Nf6 3. e3 c5 4. Nc3 e6 5. Nb5 Na6 6. Nf3 Be7 7. a4 O-O 8. c3 Bd7 9. Ne5 Nb8 10. Be2 a6 11. Na3 Nc6 12. O-O Nxe5 13. dxe5 Ne8 1/2-1/2

[Event "2BLS 2223 Heilbronner SV - Stuttgarter"]
[Site "?"]
[Date "2022.11.26"]
[Round "3.2"]
[White "Baenziger, Fabian"]
[Black "Benkovic, Petar"]
[Result "1/2-1/2"]
[WhiteElo "2426"]
[BlackElo "2370"]
[PlyCount "137"]
[EventDate "2022.??.??"]

1. d4 Nf6 2. c4 e6 3. Nf3 d5 4. g3 Be7 5. Bg2 O-O 6. O-O c6 7. Qc2 b6 8. Rd1 Nbd7 9. Bf4 Bb7 10. Ne5 Rc8 11. Nc3 Nh5 12. Bd2 Nhf6 13. Bf4 Nh5 14. Bc1 b5 15. b3 Nhf6 16. Bb2 Nxe5 17. dxe5 Nd7 18. cxd5 cxd5 19. Qd2 b4 20. Ne4 Qc7 21. Rac1 Qb8 22. Nf6+ Nxf6 23. exf6 Bxf6 24. Bxf6 gxf6 25. Qxb4 Rxc1 26. Rxc1 Rc8 27. Rd1 f5 28. Bf3 Ba6 29. Qe7 Rc2 30. Qg5+ Kf8 31. Qh6+ Ke7 32. Qh4+ Kf8 33. Qxh7 Qe5 34. Qh6+ Ke8 35. Rd2 Qa1+ 36. Kg2 Rxa2 37. Rxa2 Qxa2 38. Bh5 Ke7 39. Qg5+ Kd7 40. Qe3 Bb7 41. Kh3 Qa1 42. Bf3 d4 43. Qf4 Bxf3 44. Qxf3 Ke7 45. Kg2 a5 46. Qb7+ Kf6 47. Qb6 a4 48. bxa4 Qxa4 49. Qd8+ Kg7 50. Qg5+ Kh7 51. Qf6 Kg8 52. h4 Qc2 53. Qd8+ Kh7 54. Qf8 Qc6+ 55. Kh2 Qc7 56. f3 Qe5 57. Qxf7+ Kh8 58. Qf8+ Kh7 59. Qe7+ Kh8 60. Qf8+ Kh7 61. Qe7+ Kh8 62. Qe8+ Kg7 63. Qd7+ Kh6 64. Kh3 Qxe2 65. Qxd4 Qxf3 66. Qf6+ Kh7 67. Qf7+ Kh8 68. Qf8+ Kh7 69. Qf7+ 1/2-1/2

[Event "2BLS 2223 Heilbronner SV - Stuttgarter"]
[Site "?"]
[Date "2022.11.26"]
[Round "3.3"]
[White "Neyman, Igor"]
[Black "Stijve, Theo"]
[Result "0-1"]
[WhiteElo "2366"]
[BlackElo "2363"]
[PlyCount "46"]
[EventDate "2022.??.??"]

1. d4 d5 2. c4 e6 3. Nc3 c5 4. cxd5 cxd4 5. Qxd4 Nc6 6. Qd1 exd5 7. Qxd5 Bd6 8. e3 Nf6 9. Qd1 O-O 10. Nf3 Qe7 11. Be2 Rd8 12. Bd2 Bg4 13. O-O Bc7 14. Nd4 Nxd4 15. exd4 Rxd4 16. Bxg4 Nxg4 17. h3 Rad8 18. Re1 Qd6 19. g3 Ne5 20. f4 Rxd2 21. fxe5 Bb6+ 22. Kh1 Qh6 23. h4 Qe6 0-1

[Event "2BLS 2223 Heilbronner SV - Stuttgarter"]
[Site "?"]
[Date "2022.11.26"]
[Round "3.4"]
[White "Fecker, Noah"]
[Black "Beyer, Christian"]
[Result "1-0"]
[WhiteElo "2371"]
[BlackElo "2274"]
[PlyCount "49"]
[EventDate "2022.??.??"]

1. e4 c5 2. Nf3 e6 3. b3 Nc6 4. Bb2 Nf6 5. e5 Nd5 6. Nc3 Nxc3 7. dxc3 Qc7 8. c4 b6 9. Bd3 Bb7 10. Qe2 O-O-O 11. a3 d6 12. exd6 Bxd6 13. O-O-O e5 14. Be4 Rhe8 15. Rhe1 Qd7 16. Kb1 Nd4 17. Nxd4 exd4 18. Bxb7+ Kxb7 19. Qf3+ Ka6 20. Rxe8 Qxe8 21. c3 Be5 22. b4 Qe6 23. cxd4 Bxd4 24. b5+ Ka5 25. Qb7 1-0

[Event "2BLS 2223 Heilbronner SV - Stuttgarter"]
[Site "?"]
[Date "2022.11.26"]
[Round "3.5"]
[White "Keilhack, Harald"]
[Black "Zuferi, Enis"]
[Result "1/2-1/2"]
[WhiteElo "2238"]
[BlackElo "2355"]
[PlyCount "62"]
[EventDate "2022.??.??"]

1. Nf3 Nf6 2. c4 g6 3. Nc3 Bg7 4. e4 e5 5. Nxe5 O-O 6. Bd3 Re8 7. Nf3 Nxe4 8. Bxe4 Bxc3 9. dxc3 Rxe4+ 10. Be3 Nc6 11. c5 b6 12. O-O bxc5 13. Bxc5 d6 14. Qd5 Qe8 15. Be3 Bb7 16. Qg5 Ne7 17. Rfe1 Nf5 18. Bd2 h6 19. Qf6 Qc6 20. h3 Rae8 21. Rxe4 Rxe4 22. c4 Re6 23. Qc3 Re4 24. Qf6 Re6 25. Qc3 Qb6 26. g4 Re2 27. c5 Qxc5 28. Qxc5 dxc5 29. gxf5 Bxf3 30. Bc3 gxf5 31. Re1 Rxe1+ 1/2-1/2

[Event "2BLS 2223 Heilbronner SV - Stuttgarter"]
[Site "?"]
[Date "2022.11.26"]
[Round "3.6"]
[White "Pogan, Nikolas"]
[Black "Fritsch, Rolf"]
[Result "1/2-1/2"]
[WhiteElo "2249"]
[BlackElo "2183"]
[PlyCount "165"]
[EventDate "2022.??.??"]

1. c4 e5 2. g3 g6 3. Bg2 Bg7 4. Nc3 Nc6 5. e4 d6 6. d3 Nge7 7. Nge2 O-O 8. O-O Be6 9. Nd5 Nd4 10. Nxd4 exd4 11. Qb3 c6 12. Nf4 Bc8 13. Bd2 Qc7 14. a4 a5 15. Qa3 c5 16. Rae1 Bd7 17. h4 Rae8 18. Qb3 h6 19. Qd1 b6 20. Kh2 Qc8 21. Qb3 Qc7 22. Bh3 Bxh3 23. Kxh3 Qd7+ 24. Kg2 Rb8 25. Qb5 Qxb5 26. axb5 Rfe8 27. f3 Kh7 28. g4 Ng8 29. Ne2 Bf6 30. Rh1 Be5 31. f4 Bg7 32. h5 g5 33. fxg5 hxg5 34. Bxg5 Bh6 35. Bh4 Be3 36. g5 f5 37. gxf6 Nh6 38. Ng3 Rg8 39. Ref1 Rg4 40. f7 Rf8 41. Be7 Rxf7 42. Bxd6 Rd7 43. Rf6 Rdg7 44. Rhf1 Bg5 45. Rg6 Rxg6 46. hxg6+ Kxg6 47. Kf3 Rh4 48. Rh1 Rxh1 49. Nxh1 a4 50. Bf4 Nf7 51. Nf2 Kf6 52. Nh3 Bxf4 53. Nxf4 Ne5+ 54. Ke2 Kg5 55. Nd5 Nd7 56. Ne7 Kf4 57. Nc6 Nf8 58. Kf2 Nd7 59. Ne7 Kg4 60. Nd5 Ne5 61. Ke2 Nd7 62. Kd2 Kg5 63. Kc2 Kg4 64. Kd2 Kg5 65. Kd1 Kg4 66. Kc2 Kg5 67. b4 axb3+ 68. Kxb3 Kg4 69. Kc2 Kg5 70. Kd1 Kg4 71. Ke2 Kg5 72. Ne7 Kg4 73. Nc6 Kf4 74. Kf2 Kg4 75. e5 Kf5 76. Ke2 Nxe5 77. Ne7+ Kg4 78. Nd5 Nd7 79. Kf2 Ne5 80. Ke2 Nd7 81. Kf2 Ne5 82. Ke2 Nd7 83. Kf2 1/2-1/2

[Event "2BLS 2223 Heilbronner SV - Stuttgarter"]
[Site "?"]
[Date "2022.11.26"]
[Round "3.7"]
[White "Lorscheid, Gerhard"]
[Black "Kabisch, Thilo"]
[Result "1-0"]
[WhiteElo "2112"]
[BlackElo "2263"]
[PlyCount "133"]
[EventDate "2022.??.??"]

1. d4 Nf6 2. c4 g6 3. Nc3 Bg7 4. e4 d6 5. f3 O-O 6. Nge2 c5 7. d5 e6 8. Ng3 Re8 9. Be2 a6 10. a4 exd5 11. cxd5 Qc7 12. O-O Nbd7 13. Be3 h5 14. Nh1 Rb8 15. Nf2 c4 16. a5 b5 17. axb6 Nxb6 18. Bd4 Nbd7 19. Qd2 Nc5 20. Bxc4 Rb4 21. Bxc5 Rxc4 22. Be3 Nd7 23. Rfc1 Nc5 24. Bxc5 Qxc5 25. Na4 Qb5 26. Rxc4 Qxc4 27. Qc1 Qb5 28. Qc6 Bd7 29. Qxb5 Bxb5 30. Nc3 Bd4 31. Nxb5 axb5 32. Kf1 Rc8 33. Nd3 Kg7 34. Ra5 Bxb2 35. Nxb2 Rc1+ 36. Kf2 Rc2+ 37. Kg3 Rxb2 38. Ra6 Kf6 39. Rxd6+ Ke5 40. Rd7 h4+ 41. Kxh4 f5 42. Re7+ Kf4 43. Kh3 Rd2 44. Re6 fxe4 45. Rxe4+ Kf5 46. g4+ Kf6 47. Re6+ Kf7 48. Rb6 Rxd5 49. Kg3 Rc5 50. h4 Rd5 51. g5 Rc5 52. f4 Kg7 53. Rb7+ Kg8 54. Kg4 Rc1 55. h5 Rg1+ 56. Kf3 gxh5 57. Rxb5 h4 58. Ke4 h3 59. Rb2 Rg2 60. Rb3 Rh2 61. Kf5 Rh1 62. Kg6 Kf8 63. f5 h2 64. Rh3 Ke7 65. f6+ Ke6 66. f7 Ke7 67. Re3+ 1-0

[Event "2BLS 2223 Heilbronner SV - Stuttgarter"]
[Site "?"]
[Date "2022.11.26"]
[Round "3.8"]
[White "Huber, Philipp"]
[Black "Schwarzburger, Lothar"]
[Result "1-0"]
[WhiteElo "2234"]
[BlackElo "2153"]
[PlyCount "93"]
[EventDate "2022.??.??"]

1. d4 d5 2. Bg5 Nf6 3. Bxf6 exf6 4. e3 c6 5. c4 dxc4 6. Bxc4 Bd6 7. Nc3 O-O 8. Nge2 Nd7 9. Ng3 Nb6 10. Bb3 Re8 11. Nge4 Bf8 12. Nc5 Nd5 13. Nxd5 cxd5 14. O-O b6 15. Nd3 Ba6 16. Nf4 Bxf1 17. Qxf1 Qd6 18. Nxd5 a6 19. g3 Rec8 20. Qd3 g6 21. h4 f5 22. h5 Bg7 23. Kg2 Ra7 24. Rh1 b5 25. h6 Bh8 26. e4 fxe4 27. Qxe4 Kf8 28. Re1 Rd8 29. Re3 Rad7 30. Rf3 Re8 31. Qh4 Qc6 32. Qf4 Qd6 33. Nb6 Qxf4 34. Nxd7+ Ke7 35. Rxf4 Kxd7 36. Rxf7+ Re7 37. Rf4 Kd6 38. Kf3 a5 39. a4 Rb7 40. Ke3 bxa4 41. Bxa4 Rxb2 42. Rf8 Bxd4+ 43. Kxd4 Rb4+ 44. Kc3 Rxa4 45. Rf7 Ra2 46. Rxh7 Ke6 47. Re7+ 1-0

[Event "2BLS 2223 SF Bad Mergentheim - SC Eppin"]
[Site "?"]
[Date "2022.11.26"]
[Round "3.1"]
[White "Acs, Peter"]
[Black "Kazakouski, Valery"]
[Result "1/2-1/2"]
[WhiteElo "2577"]
[BlackElo "2540"]
[PlyCount "58"]
[EventDate "2022.??.??"]

1. e4 e5 2. Nf3 Nc6 3. d4 exd4 4. Nxd4 Bc5 5. Be3 Qf6 6. c3 Nge7 7. Bb5 O-O 8. O-O Bb6 9. a4 Qg6 10. Bd3 Bxd4 11. cxd4 Nb4 12. Nc3 Nxd3 13. Qxd3 d5 14. f3 c6 15. Qd2 Be6 16. Rae1 h6 17. e5 f6 18. exf6 Qxf6 19. Bf2 Ng6 20. Bg3 a5 21. Re3 Rfe8 22. Be5 Qf8 23. f4 Nxe5 24. Rxe5 Bd7 25. Qe3 Qb4 26. Ne2 c5 27. dxc5 Bxa4 28. Ra1 Bb5 29. Qd4 Bxe2 1/2-1/2